000 01507nam a2200253Ia 4500
999 _c53460
_d53460
001 20504
003 GE_BSU
005 20210112002007.0
008 181216s1956||||ge |||||||||||||| ||geo||
040 _cGE_BSU
041 _ageo
080 _a811.353.1(072) ქ-27
245 _aქართული ენისა და ლიტერატურის სწავლების საკითხები სკოლაში :
_b კრებული 9 /
_cრედ. მ. ჩინჩალაძე.
260 _aთბილისი
260 _bინ-ტის გამ-ბა
260 _c1956
300 _a246 გვ.. 21სმ.
541 _h1ლ.36თ.
653 _aქართული ენის სწავლების მეთოდიკა; ქართული ლიტერატურის სწავლების მეთოდიკა
653 _aქართული ენისა და ლიტერატურის სწავლების საკითხები სკოლაში. კრ. 9
700 _aრედ. მ. ჩინჩალაძე
_910034
710 _aსაქართველოს სსრ განათლების სამინისტრო პედაგოგიურ მეცნიერბათა სამეცნიერო-საკვლევი ინსტიტუტი სამეც.-საკვლ. ინ-ტი
_910035
942 _cBK
_2udc